| 000 | 00650nam a2200229Ia 4500 | ||
|---|---|---|---|
| 008 | 181129s9999 xx 000 0 und d | ||
| 020 | _a9780439830133 | ||
| 050 | _bA521 2004 | ||
| 100 | _aAmmon, Richard | ||
| 245 | 0 | _aValley forge / | |
| 245 | 0 | _cby Richard Ammon ; illustrated by Bill Farnsworth. | |
| 260 | _aNew York, NY : | ||
| 260 | _bScholastic, | ||
| 260 | _c2004 | ||
| 300 | _a32 pages : | ||
| 300 | _bcolor illustrations ; | ||
| 300 | _c27cm. | ||
| 500 | _a1040L | ||
| 650 | _aUnited States -- Continental -- Military life. | ||
| 650 | _aWachington, George -- 1732-1799 -- Headquarters --Pennsylvania. | ||
| 700 | _aTitle. | ||
| 999 |
_c359903 _d359903 |
||